000 00769nam a22002297a 4500
003 UA-OsUOA
001 57309
007 ta
008 20081217b un ||||| |||| 00| 0 ukr d
090 _a331.45 (094)
_bД36
942 _cBK
040 _aUA-OsUOA
_bukr
_cUA-OsUOA
_dUA-OsUOA
245 _aДержавний реєстр міжгалузевих і галузевих нормативних актів про охорону праці
300 _a192 с.
955 _a2
041 _aukr
080 _a331.45 (094)
020 _a966-7097-59-5
260 _aХарків
_bФорт
_c2003
650 7 _a331 Праця. Працевлаштування. Робота. Економіка праці. Організація праці
_2UDC
999 _c343394
_d343394